000
00491nam a2200145Ia 4500
008
100204s9999 xx 000 0 und d
082
_b
13737
100
_a
सप्रे मधुवंती
245
_a
सुवर्ण पिंपळ
260
_b
"बांदोडकर पब्लिशिंग हाऊस, गोवा"
_c
1982
300
_a
128
630
_a
सुवर्ण पिंपळ
730
_a
सुवर्ण पिंपळ
942
_c
BOOK
999
_c
458169
_d
458166